| 000 | 00842nam a22002297a 4500 | ||
|---|---|---|---|
| 999 |
_c19984 _d19984 |
||
| 003 | AR-CdUCM | ||
| 008 | 190524b ||||| |||| 00| 0 spa d | ||
| 040 |
_aMUNICIPALIDAD PROVINCIAL DEL CUSCO _cBIBLIOTECA MUNICIPAL DEL CUSCO |
||
| 041 | _hger | ||
| 082 |
_a621.8 / _bP74 _24ed. |
||
| 100 |
_aPohl, W. _941808 |
||
| 245 | _aDibujo de máquinas / | ||
| 260 |
_aBarcelona : _bGustavo gili, _c1958. |
||
| 300 |
_a241 páginas ; _bIlustraciones _c23 cm. |
||
| 505 | _aContenido: Generalidades sobre la ejecución de los dibujos -- Ejecución de los dibujos de taller -- Disposición de las vistas -- Ejecución práctica de los cortes... | ||
| 650 |
_aMáquinas _941809 |
||
| 650 |
_aCuerpos huecos _941810 |
||
| 650 |
_aDimensiones _94154 |
||
| 700 |
_aCompany, Manuel ( versión alemana) _941811 |
||
| 942 |
_2ddc _cLIBROS |
||
| 945 | _aAndy | ||